حركة النقد في الادب العربي الحديث في لبنان /
Saved in:
| Main Author: | |
|---|---|
| Other Authors: | |
| Format: | Thesis |
| Language: | Arabic |
| Published: |
Qahirah :
Jami'at al-Qahirah,
[199_]
|
| Subjects: | |
| Tags: |
Add Tag
No Tags, Be the first to tag this record!
|
| LEADER | 016300000a22003730004500 | ||
|---|---|---|---|
| 001 | 488977 | ||
| 005 | 20230420135657.0 | ||
| 008 | 199_ ua s m ara | ||
| 035 | |a (Sirsi) 488977 | ||
| 040 | |a UIAM |b eng | ||
| 041 | |a ara | ||
| 050 | |a PJ8078 | ||
| 100 | 1 | |a ياغي, هاشم عبد الوهاب |9 123186 | |
| 242 | 1 | 0 | |a Harakat al-naqd fi al-adab al-'Arabi al-hadith fi Lubnan |
| 245 | 1 | |a حركة النقد في الادب العربي الحديث في لبنان / |c هاشم عبد الوهاب ياغي, اشراف سهير القلماوي | |
| 260 | |a Qahirah : |b Jami'at al-Qahirah, |c [199_] | ||
| 300 | |a viii, 526 leaves ; |c 30 cm. | ||
| 336 | |2 rdacontent | ||
| 337 | |2 rdamedia | ||
| 338 | |2 rdacarrier | ||
| 500 | |a Abstract in English. | ||
| 500 | |a "Bahth yataqaddam bihi al-talib Hashim 'Abd al-Wahab Yaghi li-nayl darajat al-Dukturah.'--On t. p. | ||
| 502 | |a Thesis (Ph. D)--Jami'at al-Qahirah, |c [199_] | ||
| 504 | |a Includes bibliographical references | ||
| 650 | |a Arabic literature |x History and criticism |z Lebanon |9 123187 | ||
| 650 | |a Arabic literature |x History and criticism |y 20th century |9 88997 | ||
| 655 | |a Theses, Facsimile edition (Islamic). | ||
| 700 | |a Yaghi, Hashim 'Abd al-Wahhab |9 123188 | ||
| 710 | 2 | |a Jami'at al-Qahirah. |b Kulliyat al-Adab |9 123189 | |
| 710 | 2 | |a جامعة القاهرة. |b كلية الآداب |9 123190 | |
| 900 | |a Pts sere-ami-naw | ||
| 942 | |2 lcc |n 0 | ||
| 999 | |c 434796 |d 466322 | ||
| 952 | |0 0 |6 TI PJ 8078 Y12H 199_ |7 0 |8 THESES |9 753689 |a IIUM |b IIUM |c MULTIMEDIA |g 490.00 |o ti PJ 8078 Y12H 199_ |p 00011170976 |r 2017-10-23 |t 1 |v 490.00 |y THESIS | ||
